[Event "London Classic rapid op 6th"]
[Site "London"]
[Date "2014.12.06"]
[Round "4"]
[White "Adair, James"]
[Black "Nakamura, Hikaru"]
[Result "0-1"]
[WhiteElo "2420"]
[BlackElo "2767"]
[Annotator "Saunders,J"]
[PlyCount "86"]
[EventDate "2014.12.06"]
[EventType "swiss (rapid)"]
[EventRounds "10"]
[EventCountry "ENG"]
[SourceTitle "CBM 163 Extra"]
[Source "ChessBase"]
[SourceDate "2014.12.23"]
[SourceVersion "1"]
[SourceVersionDate "2014.12.23"]
[SourceQuality "1"]
[WhiteClock "0:05:07"]
[BlackClock "0:14:21"]

1. e4 d5 {Hikaru is one of the few super-GMs who plays the Centre Counter, or
Scandinavian, if you prefer.} 2. exd5 Qxd5 3. Nc3 Qa5 4. d4 c6 5. Nf3 Bf5 6.
Ne5 e6 ({Already a bit shaky. Hikaru has played} 6... Nf6 {here before.}) 7. g4
Bg6 8. h4 Nd7 $4 {[diag] Sound of jaws dropping all over the chess world. Does
this really just lose a piece for nothing? Yup.} 9. Nc4 Qc7 10. h5 {In a blitz
game I'm guessing most of us would shake our heads, laugh at our own stupidity
and resign here. But Hikaru plays on...} Bxc2 11. Qxc2 Ngf6 12. g5 Nd5 13. Bd2
Be7 14. Qe4 O-O-O 15. f4 Rhe8 16. O-O-O h6 17. gxh6 gxh6 18. Ne5 f5 19. Nxd5
cxd5+ 20. Qc2 Nf6 21. Ba5 $1 {Hikaru has made no progress. If anything, his
position's got worse.} Qxc2+ 22. Kxc2 b6 23. Be1 ({Why not just} 23. Ba6+ {
first? The first sign that White is suffering from 'fear of success', perhaps.}
) 23... Kb7 24. Ng6 Bd6 25. Kd3 Rc8 26. Be2 Ne4 27. Bf3 Rc7 28. Rh2 Rec8 29.
Bxe4 dxe4+ 30. Ke3 Rc1 31. Rxc1 Rxc1 32. Bh4 Rf1 33. Be7 Rf3+ 34. Ke2 Kc7 35.
Bg5 $1 {White appears to have regained his equanimity with this strong tactic.}
hxg5 36. h6 gxf4 37. h7 Rd3 {[diag]} 38. Nxf4 $4 (38. h8=Q $2 f3+ 39. Kf2 Rd2+
40. Ke1 Rxh2 {is also not much cop}) ({however, simply} 38. Ne5 {cuts across
Black's cheapo chances and leaves him as stone dead as he has been for the
whole game.}) 38... Bxf4 39. Rh4 Rd2+ 40. Ke1 $2 (40. Kf1 {forces Black to
settle for perpetual but the text allows Hikaru to try for more.}) 40... e3 $1
41. Rh3 Bg3+ 42. Rxg3 Rh2 43. d5 $2 f4 $1 (43... f4 44. Rg7+ Kd6 45. Rf7 e5 {
wins for Black.}) 0-1

[Event "Khanty-Mansiysk FIDE GP"]
[Site "Khanty-Mansiysk"]
[Date "2015.05.20"]
[Round "6"]
[White "Tomashevsky, Evgeny"]
[Black "Nakamura, Hikaru"]
[Result "1/2-1/2"]
[WhiteElo "2749"]
[BlackElo "2799"]
[PlyCount "60"]
[EventDate "2015.05.14"]
[EventType "tourn"]
[EventRounds "11"]
[EventCountry "RUS"]
[EventCategory "21"]
[SourceTitle "CBM 167"]
[Source "ChessBase"]
[SourceDate "2015.07.13"]
[SourceVersion "1"]
[SourceVersionDate "2015.07.13"]
[SourceQuality "1"]
[TimeControl "40/7200:20/3600:900+30"]

1. d4 {[%emt 0:00:03]} Nf6 {[%emt 0:00:06]} 2. c4 {[%emt 0:00:06]} e6 {[%emt 0:
00:03]} 3. Nf3 {[%emt 0:00:26]} d5 {[%emt 0:00:05]} 4. g3 {[%emt 0:00:15]} Be7
{[%emt 0:00:06]} 5. Bg2 {[%emt 0:01:00]} O-O {[%emt 0:00:06]} 6. O-O {[%emt 0:
00:08]} dxc4 {[%emt 0:00:02]} 7. Ne5 {[%emt 0:01:08]} Nc6 {[%emt 0:00:12]} 8.
Bxc6 {[%emt 0:00:28]} bxc6 {[%emt 0:00:06]} 9. Nxc6 {[%emt 0:00:09]} Qe8 {
[%emt 0:00:09]} 10. Nxe7+ {[%emt 0:00:08]} Qxe7 {[%emt 0:00:03]} 11. Qc2 {
[%emt 0:00:33]} (11. Na3 c5 12. dxc5 Qxc5 13. Be3 Qc6 14. Rc1 Bb7 15. f3 Ba6
16. Nxc4 Bxc4 17. Qd4 Rfc8 18. b3 Qa6 19. bxc4 Qxa2 20. Kf2 a5 21. Bg5 e5 22.
Qd6 Rd8 23. Qb6 Rab8 24. Rfd1 Re8 25. Qe3 a4 26. Bxf6 gxf6 27. Qe4 a3 28. Rd7
Rbd8 29. Ra7 Qb2 30. Rb1 f5 31. Rxb2 fxe4 32. Rxa3 Rd4 33. Rc2 Rc8 34. c5 exf3
35. Rxf3 Rc6 36. Rd3 Rxd3 37. exd3 f5 38. d4 exd4 39. Ke2 {1-0 (39) Kramnik,V 
(2783)-Adams,M (2745) Shamkir 2015}) 11... e5 {[%emt 0:04:49]} 12. dxe5 {
[%emt 0:00:47]} Qxe5 {[%emt 0:01:16]} 13. Bf4 {[%emt 0:00:07]} Qh5 $146 {
[%emt 0:10:39]} (13... Qe6 14. Nc3 Bb7 15. Rfd1 h6 16. f3 g5 17. Bxc7 Rac8 18.
Ba5 Rfe8 19. Qd2 Rc5 20. Bd8 Nd5 21. Ne4 Rc8 22. Ba5 f5 23. Nxg5 hxg5 24. Qxg5+
Kf7 25. e4 Nf6 26. Bc3 Rg8 27. Qxf6+ Qxf6 28. Bxf6 Kxf6 29. Rd7 Rg7 30. Rad1
Rxd7 31. Rxd7 Bc6 32. Rxa7 fxe4 33. fxe4 Ke5 34. Re7+ Kd4 35. e5 Rb8 36. Rc7
Bd5 37. b3 c3 38. g4 Ra8 39. Kf2 Rxa2+ 40. Kg3 c2 {0-1 (40) Schmuecker,M (2213)
-Hausrath,D (2488) Oberhausen 2013}) 14. Nc3 {[%emt 0:02:44]} Nd5 {[%emt 0:09:
17]} 15. Nxd5 {[%emt 0:12:28]} Qxd5 {[%emt 0:00:12]} 16. Rfd1 {[%emt 0:00:09]}
Qc6 {[%emt 0:02:36] A Catalan that promises White a tiny advantage in an
opposite colored bishop endgame with heavy pieces. Nakamura was able to defend
his position easily and was never in any real danger.} 17. Rd4 {[%emt 0:08:55]}
Bh3 {[%emt 0:16:25]} 18. f3 {[%emt 0:00:50]} Be6 {[%emt 0:00:13]} 19. Rad1 {
[%emt 0:05:45]} Qb6 {[%emt 0:02:00]} 20. Qc3 {[%emt 0:09:49]} f6 {[%emt 0:10:
51]} 21. Kg2 {[%emt 0:01:45]} Rae8 {[%emt 0:02:30]} 22. R1d2 {[%emt 0:02:46]}
a5 {[%emt 0:05:40]} 23. g4 {[%emt 0:19:32]} a4 {[%emt 0:03:57]} 24. Bg3 {
[%emt 0:01:54]} Qc5 {[%emt 0:01:45]} 25. Re4 {[%emt 0:14:31]} Rf7 {[%emt 0:09:
12]} 26. Qe3 {[%emt 0:02:00]} Qxe3 {[%emt 0:05:41]} 27. Rxe3 {[%emt 0:00:01]}
Rfe7 {[%emt 0:00:18]} 28. Bf2 {[%emt 0:07:32]} Kf7 {[%emt 0:01:53]} 29. Rc3 {
[%emt 0:03:08]} Rb8 {[%emt 0:02:01]} 30. Rcc2 {[%emt 0:02:56]} Rb5 {[%emt 0:05:
10]} 1/2-1/2

[Event "Khanty-Mansiysk FIDE GP"]
[Site "Khanty-Mansiysk"]
[Date "2015.05.26"]
[Round "11"]
[White "Nakamura, Hikaru"]
[Black "Jakovenko, Dmitrij"]
[Result "1/2-1/2"]
[WhiteElo "2799"]
[BlackElo "2738"]
[PlyCount "75"]
[EventDate "2015.05.14"]
[EventType "tourn"]
[EventRounds "11"]
[EventCountry "RUS"]
[EventCategory "21"]
[SourceTitle "CBM 167"]
[Source "ChessBase"]
[SourceDate "2015.07.13"]
[SourceVersion "1"]
[SourceVersionDate "2015.07.13"]
[SourceQuality "1"]
[TimeControl "40/7200:20/3600:900+30"]

1. d4 {[%emt 0:00:03] Everyone's focus was clearly on this game. Jakovenko
needed to win to guarantee his spot on the Candidates, while a draw required a
series of highly unlikely and borderline miraculous results for him to qualify.
Nakamura came into the game with a very sound and clear strategy: play solid,
trade everything, draw. This is basically what happened in the game as
Jakovenko simply could not create enough complications.} Nf6 {[%emt 0:00:05]}
2. c4 {[%emt 0:00:05]} e6 {[%emt 0:00:04]} 3. Nc3 {[%emt 0:00:05]} Bb4 {
[%emt 0:00:06]} 4. Qc2 {[%emt 0:00:04]} d6 {[%emt 0:03:18]} 5. a3 {[%emt 0:00:
39]} Bxc3+ {[%emt 0:00:06]} 6. Qxc3 {[%emt 0:00:04]} O-O {[%emt 0:00:54]} 7.
Bg5 {[%emt 0:02:06]} Nbd7 {[%emt 0:01:21]} 8. e3 {[%emt 0:00:50]} b6 {[%emt 0:
04:46]} 9. Ne2 {[%emt 0:01:17]} Ba6 {[%emt 0:05:16]} 10. Rd1 {[%emt 0:04:32]}
h6 $146 {[%emt 0:06:45]} (10... Rc8 11. Qc2 c5 12. Qa4 Bb7 13. Nc3 a6 14. Be2
Bxg2 15. Rg1 Bc6 16. Qc2 Kh8 17. d5 exd5 18. cxd5 Bb7 19. Bg4 Rc7 20. Bxd7 Qxd7
21. Bxf6 gxf6 22. Ne4 Qf5 23. Qc3 Rg8 24. Rxg8+ Kxg8 25. Nxf6+ Kf8 26. e4 Qf4
27. Rd3 Ke7 28. Rf3 Qxh2 29. Ke2 Qh4 30. e5 Rc8 31. Rf5 Re8 32. exd6+ Kd8+ 33.
Nxe8 Qe4+ 34. Qe3 Qc2+ 35. Kf1 Qd1+ 36. Qe1 Qxe1+ 37. Kxe1 Kxe8 38. d7+ Kd8 39.
Rxf7 Bxd5 40. Rf6 {Jojua,D (2579)-Sanal,V (2460) Jerusalem 2015 1-0}) 11. Bxf6
{[%emt 0:06:06]} Nxf6 {[%emt 0:03:10]} 12. Ng3 {[%emt 0:00:06]} c5 {[%emt 0:03:
53]} 13. Be2 {[%emt 0:01:53]} Qc7 {[%emt 0:03:52]} 14. O-O {[%emt 0:00:55]}
Rac8 {[%emt 0:00:31]} 15. Rc1 {[%emt 0:13:35]} cxd4 {[%emt 0:08:17]} 16. Qxd4 {
[%emt 0:00:26]} Rfd8 {[%emt 0:00:21]} 17. Qd2 {[%emt 0:00:22]} Qb8 {[%emt 0:02:
15]} 18. Rfd1 {[%emt 0:01:24]} d5 {[%emt 0:05:19]} 19. cxd5 {[%emt 0:00:42]}
Rxd5 {[%emt 0:02:18]} 20. Qe1 {[%emt 0:00:05]} Rxc1 {[%emt 0:11:06]} 21. Rxc1 {
[%emt 0:00:08]} Bxe2 {[%emt 0:00:07]} 22. Qxe2 {[%emt 0:03:53]} Qd8 {[%emt 0:
04:42]} 23. h3 {[%emt 0:04:15]} Rd3 {[%emt 0:05:35]} 24. Nh5 {[%emt 0:05:17]}
Nxh5 {[%emt 0:02:50]} 25. Qxh5 {[%emt 0:00:18]} Rd2 {[%emt 0:00:15]} 26. Qe5 {
[%emt 0:03:46]} Rxf2 {[%emt 0:16:08]} 27. Kxf2 {[%emt 0:00:14]} Qd2+ {[%emt 0:
00:04]} 28. Kf3 {[%emt 0:00:02]} Qxc1 {[%emt 0:00:05]} 29. Qb8+ {[%emt 0:00:02]
} Kh7 {[%emt 0:00:07]} 30. Qxa7 {[%emt 0:00:01]} Qf1+ {[%emt 0:08:14]} 31. Kg3
{[%emt 0:00:23]} Qe1+ {[%emt 0:00:35]} 32. Kh2 {[%emt 0:00:54]} Qxe3 {[%emt 0:
01:31]} 33. Qxf7 {[%emt 0:00:05]} b5 {[%emt 0:00:34]} 34. Qd7 {[%emt 0:03:50]}
Qf4+ {[%emt 0:02:06]} 35. Kg1 {[%emt 0:00:09]} Qc1+ {[%emt 0:00:07]} 36. Kh2 {
[%emt 0:00:05]} Qf4+ {[%emt 0:00:03]} 37. Kg1 {[%emt 0:00:06]} Qc4 {[%emt 0:00:
10]} 38. Qd1 {[%emt 0:03:14]} 1/2-1/2

[Event "Sinquefield Cup 3rd"]
[Site "Saint Louis"]
[Date "2015.08.27"]
[Round "5"]
[White "Nakamura, Hikaru"]
[Black "Giri, Anish"]
[Result "1/2-1/2"]
[WhiteElo "2814"]
[BlackElo "2793"]
[Annotator "Szabo,Kr"]
[PlyCount "77"]
[EventDate "2015.08.23"]
[EventType "tourn"]
[EventRounds "9"]
[EventCountry "USA"]
[EventCategory "22"]
[SourceTitle "CBM 168"]
[Source "ChessBase"]
[SourceDate "2015.09.14"]
[SourceVersion "1"]
[SourceVersionDate "2015.09.14"]
[SourceQuality "1"]

1. e4 c5 2. Nf3 e6 3. d4 cxd4 4. Nxd4 Nc6 5. Nc3 Qc7 6. Be3 a6 7. Qd2 Nf6 8.
O-O-O Be7 9. f4 {This move becomes popular for a few years. White immediately
gained the initiative in the centre, however the e4 is not protected as well.}
(9. f3 {is the biggest main line.}) 9... b5 10. e5 b4 11. Ncb5 (11. exf6 {
is the another variation.}) 11... axb5 12. Nxb5 Qb8 (12... Qa5 {was also
played, but} 13. exf6 gxf6 14. Nd6+ Bxd6 15. Qxd6 Qxa2 16. Rd3 $1 Qa5 (16...
Qa1+ $5 17. Kd2 Ra2) 17. g3 Ne7 18. Bb6 Qa4 19. Bg2 $36 {and White has a
wonderful position, Shankland-Kovalyov, Edmonton 2014.}) 13. exf6 gxf6 14. Kb1
d5 15. Qf2 $146 {A novelty, but apparently both players knew this move well.} (
15. c4 {was leading a draw after} bxc3 16. Qxc3 Bd7 17. Bc5 O-O 18. Qg3+ Kh8
19. Qh4 Bxc5 20. Qxf6+ Kg8 21. Qg5+ Kh8 22. Qf6+ Kg8 23. Qg5+ Kh8 24. Qf6+ Kg8
25. Qg5+ Kh8 {and perpetual checks, 1/2 Yu Yangyi-Cori, Kocaeli 2013.}) 15...
Ba6 16. Bb6 Bxb5 17. Bxb5 Qb7 {These moves are forced, black K looks strange
and white pieces are active, but the Bs are attackable and the a2-P is always
a target for Black.} 18. Rhe1 {The most natural reply.} Rb8 19. Bxc6+ Qxc6 20.
Bd4 Ra8 {White lost his B paired and his a2-P is under pressure. On the other
hand Black will have with his K all the time, so the position is double-edged.}
21. b3 Kd7 22. a4 $5 {A very interesting move, White sacrifices his a-P, but
he closes the a-file.} ({Nevertheless} 22. Re3 {was also possible, for example}
Qa6 23. c4 bxc3 24. Rxc3 Rhc8 {with a balanced position.}) 22... bxa3 {
Probably this is a critical point.} 23. Rd3 $6 {It looks a useful continuation,
White protects the b3-P and sometimes he is ready to double on the e- or
d-file. On the other hand objectively this is an inaccuracy.} ({The natural} 
23. Ka2 {was possible,} Rhc8 24. Re2 Qb5 $13 {and it is very difficult to
evoluate this position.}) (23. Re2 {was also an option} Rhc8 24. Ka2 {to
transpose to the previous line.}) ({or even} 23. c4 $5 Ke8 24. Qf3 Rd8 25. Ka2
$44 {with some compensation.}) 23... Rhc8 24. Re2 Qb5 $1 {Black is threatening
with ...a2.} 25. Qf3 ({Of course} 25. Ka2 $2 {is losing immediately, because of
} Rxc2+ $1 26. Rxc2 Qxd3 $19) 25... Ra6 $6 {A logical move, but not the most
precise!} (25... Rc6 $1 {was more accurate and now} 26. f5 $2 {is no possible,
as} e5 $1 27. Bxe5 a2+ $1 {Important intermediate move.} 28. Ka1 fxe5 29. Rxd5+
Rd6 $19 {and Black wins.}) 26. f5 $1 {Nakamura catches the best chance!} Rac6 (
{Here} 26... e5 $2 {is not working, because of} 27. Bxe5 $18) 27. fxe6+ fxe6
28. Rdd2 a2+ 29. Ka1 ({The engine suggests} 29. Kxa2 {too, but this is not a
human move to open the a-file for himself.}) 29... f5 30. Qe3 Rg8 31. c4 $1 {
The final break-through, which leads for a draw.} dxc4 32. Bc5+ Ke8 33. Bxe7
Kxe7 34. Qh6 Qb6 (34... Qa5 {was also similar,} 35. Qxh7+ Kf8 36. Qh6+ $11 {
and draw.}) 35. Qxh7+ Kf8 36. Qh4 Ke8 37. Qh5+ {Black has also some real
threats, so White has nothing better than a perpetual.} Kf8 38. Qh4 Ke8 39.
Qh5+ 1/2-1/2

[Event "Las Vegas Millionaire op KO"]
[Site "Las Vegas"]
[Date "2015.10.12"]
[Round "2.1"]
[White "Nakamura, Hikaru"]
[Black "Le, Quang Liem"]
[Result "1-0"]
[WhiteElo "2816"]
[BlackElo "2697"]
[Annotator "Schulz,Andre"]
[PlyCount "83"]
[EventDate "2015.10.12"]
[EventType "k.o. (rapid)"]
[EventRounds "2"]
[EventCountry "USA"]
[SourceTitle "CBM 168 Extra"]
[Source "ChessBase"]
[SourceDate "2015.10.29"]
[SourceVersion "1"]
[SourceVersionDate "2015.10.29"]
[SourceQuality "1"]

1. d4 Nf6 2. c4 e6 3. Nf3 d5 4. Bg5 h6 5. Bxf6 Qxf6 6. Qb3 c6 7. e3 Qe7 8. Nbd2
Qb4 9. Qc2 Nd7 10. a3 Qa5 11. Be2 dxc4 12. O-O Be7 13. Nxc4 Qc7 14. b4 O-O 15.
Rac1 Rd8 16. Qb3 a6 17. Bd3 Nf6 18. Bb1 Bd7 19. e4 Be8 20. e5 Nh7 {
Normalerweise schützt ein Springer das Feld h7 und stellt sich dort nicht
selber als Ziel auf.} (20... Nd5 21. Qd3 g6 22. Qd2 $14) 21. Qe3 b6 22. Rfd1 a5
{[#]} (22... Rab8 $14) 23. d5 {Angriff auf den Bauern b6.} Rxd5 (23... exd5 24.
Nxb6 $16) (23... cxd5 24. Nxb6 $16) 24. Rxd5 exd5 25. Nxb6 Rd8 {[#]} 26. Nxd5 {
Ein Unglück kommt selten allein.} Qb7 (26... Rxd5 27. Qe4 Nf8 28. Qxd5 $18)
27. Nxe7+ Qxe7 28. bxa5 {Der Rest ist leicht.} Ra8 29. a6 Nf8 (29... Rxa6 $2
30. Bxh7+ $18) 30. Bd3 Ne6 31. Nd4 Nxd4 32. Qxd4 Rd8 33. Qc3 c5 34. Bf1 Rd5 35.
Qa5 Bc6 36. a7 Ba8 37. Rb1 Kh7 38. Rb8 c4 39. Qa6 Rd2 40. Rxa8 Qc5 41. Rh8+
Kxh8 42. a8=Q+ 1-0

[Event "EU-Cup 31st"]
[Site "Skopje"]
[Date "2015.10.19"]
[Round "2.3"]
[White "Pelletier, Yannick"]
[Black "Nakamura, Hikaru"]
[Result "1-0"]
[WhiteElo "2557"]
[BlackElo "2816"]
[Annotator "Sagar Shah"]
[PlyCount "75"]
[EventDate "2015.10.18"]
[EventType "team-swiss"]
[EventRounds "7"]
[EventCountry "MKD"]
[SourceTitle "CBM 169"]
[Source "ChessBase"]
[SourceDate "2015.11.10"]
[SourceVersion "1"]
[SourceVersionDate "2015.11.10"]
[SourceQuality "1"]
[WhiteTeam "Zuerich SG"]
[BlackTeam "Padova"]
[WhiteTeamCountry "SUI"]
[BlackTeamCountry "ITA"]

1. d4 Nf6 2. c4 g6 3. Nc3 Bg7 4. e4 d6 5. Nf3 O-O 6. Be2 e5 7. O-O Nc6 8. d5
Ne7 9. b4 a5 10. Ba3 b6 11. bxa5 Nh5 (11... Rxa5 12. Bb4 Ra8 13. a4 Ne8 {
is another main line.}) 12. Nd2 Nf4 {In this position which has been seen in
already eleven games, Pelletier comes up with an interesting novelty.} 13. axb6
$5 $146 {Sacrificing a piece in order to open up lines on the queenside and
win some pawns. What is the objective evaluation of this sacrifice? Let's try
to analyse it as the game progresses.} Rxa3 14. Nb5 Ra5 $6 (14... Ra8 {is the
improvement for Black so that later Nb3 doesn't win a tempo as there is no
rook on a5. But the position is far from clear.} 15. Nxc7 (15. bxc7 Qd7 16. a4
Ba6 17. g3 (17. Nb3 {and here there is no rook on a5 and hence Black is better.
} Bxb5 18. cxb5 Qxc7 $17) 17... Nxe2+ 18. Qxe2 Bxb5 19. cxb5 Qxc7 20. Rfc1 Qd8
(20... Qa7 21. a5 $44) 21. Nc4 $44 {White has pretty decent compensation.})
15... Rb8 16. c5 dxc5 17. Nc4 Rxb6 18. Nxb6 Qxc7 19. Rb1 Rd8 $15 {Black cannot
be worse and can even claim an edge here.}) 15. bxc7 (15. Nxc7 $2 Bd7 $1 16.
Bf3 (16. Nb3 Ra4 17. c5 Rxe4 18. Bf3 Ra4 19. cxd6 (19. c6 Bf5 $19) 19... Nc8
$19) 16... Nc8 17. Qb3 Nxb6 18. Qxb6 Rc5 $1 19. Qxd6 Qxc7 20. Qxc7 Rxc7 $17)
15... Qd7 16. a4 {Somehow it is much easier to play as White. He has to just
go Nb3 and keep pushing his pawns.} Ba6 17. Nb3 Bxb5 18. cxb5 Qxc7 (18... Raa8
19. b6 $18 {[%csl Gb6,Gc7] and with a5 coming up, it would have been a
complete massacre!}) 19. Nxa5 Qxa5 20. g3 Nxe2+ 21. Qxe2 {Although Black has
two pieces for the rook I already like White's position as his two queenside
pawns combined with the open c-file for the rook should be good enough for a
clear advantage.} Bh6 {Controlling the crucial c1-square.} 22. Rfb1 Rb8 23. b6
$1 {Pelletier knows that he only has to queen one of the pawns!} Rxb6 24. Rxb6
Qxb6 25. a5 Qc5 (25... Qd4 26. Ra2 $18) 26. Ra4 (26. a6 Nc8 27. Qa2 Na7 28. Rb1
Kg7 29. Rb7 Bg5 30. Kg2 Qd4 31. Qe2 h5 32. h4 Bh6 (32... Bf6 33. Qe3 $18) 33.
Qf3 $18 {[%cal Gf3f7,Gb7f7]}) 26... Kg7 27. a6 Nc8 28. Rc4 Qb5 29. Qa2 $1 Nb6 (
29... Na7 30. Rc7 Qb6 31. Rb7 Qd4 32. Qe2 $18 {with the dangerous threat of
Qf3.}) 30. Rc6 Na4 31. a7 Qa5 32. Kg2 Qxa7 33. Rc4 Bg5 34. Qxa4 {The piece is
lost and the rest is a matter of straightforward technique.} Qb7 35. Rb4 Qc7
36. Qc6 Qa7 37. Qxd6 Be7 38. Qxe5+ {This was an excellently played game by
Yannick but I guess not many players would be ready to repeat this piece
sacrifice variation. Instead of 14...Ra5, 14...Ra8 is a clear improvement.} 1-0

[Event "Gibraltar Masters 14th"]
[Site "Caleta"]
[Date "2016.01.27"]
[Round "2"]
[White "Fodor, Tamas Jr"]
[Black "Nakamura, Hikaru"]
[Result "0-1"]
[WhiteElo "2500"]
[BlackElo "2787"]
[Annotator "Krasenkow,M"]
[PlyCount "64"]
[EventDate "2016.01.26"]
[EventType "swiss"]
[EventRounds "10"]
[EventCountry "GGB"]
[SourceTitle "CBM 171"]
[Source "ChessBase"]
[SourceDate "2016.03.14"]
[SourceVersion "2"]
[SourceVersionDate "2016.03.14"]
[SourceQuality "1"]

1. d4 Nf6 2. c4 e6 3. Nc3 Bb4 4. Qc2 c5 5. dxc5 O-O 6. Nf3 Na6 7. a3 Bxc3+ 8.
Qxc3 Nxc5 9. b4 $6 Nce4 10. Qd4 d6 11. Bg5 $6 {The whole line is good for
Black but after this voluntary exchange of White's bishop Black is clearly
better as he has a huge development advantage without any compensation for
White.} (11. Nd2 e5 12. Qe3 Nxd2 13. Bxd2 Be6 14. Rc1 Rc8 15. Qd3 {1-0 (35)
Bargan,S (2267)-Soltanici,R (2400) Chisinau MDA 2016} Rc7 $17 {[%cal Yd8e7,
Yf8c8]}) (11. Ng5 $142 e5 12. Qb2 (12. Qd3 Bf5) 12... a5 13. f3 (13. Nxe4 Nxe4
14. e3 Qh4 $36) 13... Nxg5 14. Bxg5 axb4 15. Qxb4 (15. axb4 Rxa1+ 16. Qxa1 Be6
17. e4 Qc7 {[%csl Rc4]}) 15... h6 {0-1 (60) Peng,Z (2402)-Chuchelov,V (2534)
Netherlands 2005} 16. Bh4 $15) 11... Nxg5 12. Nxg5 a5 (12... e5 $5 13. Qb2 (13.
Qh4 a5 14. b5 d5 15. e3 e4 16. Rd1 h6 17. Nh3 Bg4 18. Be2 Bxe2 19. Kxe2 Qc7 $19
{0-1 (27) Freeman,M-Pritchett,C (2425) Glasgow 1977}) (13. Qd3 a5 14. b5 {
1/2 (30) Gonda,L (2522)-Predojevic,B (2652) Zupanja 2009} e4 $1 15. Qd4 Qe7 $17
{[%cal Rh7h6,Yd6d5]}) 13... h6 (13... e4 $5) 14. Nf3 e4 15. Nd4 e3 16. f3 Nd7 (
16... Bd7 $5) (16... a5 $5) 17. g3 Qf6 18. Qc3 Nb6 19. Rc1 Be6 20. Qxe3 Bxc4
$36 {0-1 (28) Paulsen,D (2330)-Lobron,E (2470) Germany 1982}) 13. b5 (13. e3 e5
14. Qb2 e4 {[%cal Rh7h6]}) 13... h6 ({Here, too,} 13... e5 14. Qb2 e4 {was
quite strong but Nakamura prefers to follow Lobron's footsteps in an improved
version.}) 14. Nf3 e5 15. Qb2 e4 16. Nd4 (16. Nd2 {was not much better, e.g.}
e3 17. fxe3 Re8 18. Qd4 b6 {[%cal Yc8b7]}) 16... e3 $1 {[%mdl 544]} 17. f3 Bd7
18. g3 Rc8 19. Rc1 Qb6 {[%cal Rd6d5]} 20. Qc3 Rfe8 21. Bg2 Qc5 22. O-O d5 {
White has managed to complete his development but now he suffers material
losses.} 23. Nb3 (23. Rfd1 {was more stubborn.}) 23... Qxa3 24. Nxa5 Qxc3 25.
Rxc3 b6 26. Nb7 Rxc4 27. Rxc4 dxc4 28. Rc1 Rc8 29. Nd6 Rc5 {[%cal Rc4c3]} 30.
Rc3 Rd5 $1 31. Nxc4 Rc5 {White has recovered the pawn but now he loses his
knight.} 32. Rc2 Bf5 0-1

[Event "Titled Tuesday intern op 2nd Febr"]
[Site "Chess.com INT"]
[Date "2016.02.02"]
[Round "5"]
[White "Ozen, Bahadir"]
[Black "Nakamura, Hikaru"]
[Result "0-1"]
[WhiteElo "2521"]
[BlackElo "2863"]
[PlyCount "84"]
[EventDate "2016.02.02"]
[EventType "swiss (blitz)"]
[EventRounds "9"]
[EventCountry "USA"]
[SourceTitle "EXT 2021"]
[Source "ChessBase"]
[SourceDate "2020.10.23"]
[SourceVersion "1"]
[SourceVersionDate "2020.10.23"]
[SourceQuality "1"]

1. d4 g6 2. Nf3 f5 3. h4 Nf6 4. Nc3 d6 5. h5 Nxh5 6. e4 Nf6 7. Bd3 e6 8. Qe2
Be7 9. exf5 exf5 10. Bh6 Rg8 11. O-O-O d5 12. Rde1 c6 13. Bf4 Kf8 14. Ng5 h5
15. Ne6+ Bxe6 16. Qxe6 Rh8 17. Bg5 Nbd7 18. Rh3 Ne4 19. Bxe7+ Qxe7 20. Qxe7+
Kxe7 21. f3 Ndf6 22. fxe4 dxe4 23. Bc4 Rad8 24. Ne2 Kd6 25. Rg3 Ng4 26. Bb3 g5
27. c4 f4 28. c5+ Kc7 29. Rc3 Rhf8 30. Bc2 Rde8 31. Ng1 Ne3 32. Nh3 g4 33. Nf2
Nxc2 34. Kxc2 e3 35. Nd3 f3 36. gxf3 gxf3 37. Ne5 f2 38. Rcxe3 fxe1=Q 39. Rxe1
Rf2+ 40. Kc3 h4 41. Rg1 Re7 42. Rg4 Rh7 0-1